=LDR 00000nam 2200000 4500 =001 INLIS000000000005757 =005 20130612093950 =008 ***********************************Ind241.4** =035 ##$$0010-061300000005757 =041 ##$$a Ind241.4 =082 ##$$a 241.4 =090 ##$$a 241.4 Kus k =100 ##$$a Kushner, Harold S =245 ##$$a Ketika penderitaan melanda hidup orang baik-baik/Harold S. Kushner =260 ##$$a 19888 $b Jakarta =300 ##$$a 174 hlm. ; 20 cm =650 ##$$a Moral Kristen